00394nam a2200145Ia 4500008004100000020001500041041001200056082001100068100001500079245008300094260003600177300000800213650000700221700002000228221030s9999 xx 000 0 und d a812193172X aEnglish a105.23 aN. N. Jani 0aMobile Computing - Technologies & Applicationscby N. N. Jani, K. I. Lakhtaria bS. Chand & Co.aNew Delhic2009 a229 aIT aK. I. Lakhtaria